000 00939nas a2200301 i 4500
001 129
003 ES-MaACL
005 20250814062527.0
007 t|
008 950801d19711979sp | | 1 ||pa d
022 _a0210-2501
080 _a63
245 0 0 _aAnales del Instituto Nacional de Investigaciones Agrarias.
_pSerie Producción vegetal.
260 _aMadrid :
_bINIA, Ministerio de Agricultura,
_c1971-1979.
300 _av :
_bgrab ;
_c24 cm.
310 _aAnual
362 0 _aN. 1 (1971)-n. 12 (1979)
650 4 _aInstituciones científicas y diversas
_913829
650 1 7 _aAgricultura
_2embne
_99670
650 0 4 _aPatología vegetal.
_915885
655 7 _2tgfbne
_9226866
_aRevistas
710 2 _aInstituto Nacional de Investigaciones Agrarias (España)
_95168
852 _aES-MaACL
_jP-1527
866 0 _o1971-1979
942 _2udc
_cPERIODICA
999 _c129
_d129